Henry James

Saved in:
Bibliografiske detaljer
Hovedforfatter: Swan, Michael (Author)
Format: Bog
Sprog:engelsk
Udgivet: Londres Longmans, Green and Co 1969
Serier:Writers and Their Work, 5
Fag:
Tags: Tilføj Tag
Ingen Tags, Vær først til at tagge denne postø!

MARC

LEADER 00000nam a2200000 a 4500
001 UCQ3890
003 CL-VaPUC
005 20210921074625.0
008 980828e19690000UK |||||||||||||||||eng|d
999 |c 274401  |d 274399 
040 |c Pontificia Universidad Católica de Valparaíso 
082 0 4 |a 823.09  |b SWA  |2 21 
100 0 |a Swan, Michael  |e author  |9 418094 
245 1 0 |a Henry James 
260 |a Londres  |b Longmans, Green and Co  |c 1969 
300 |a 39 p 
490 0 |a Writers and Their Work, 5 
583 |a last modification  |c 19980828 00:00:00  |k Rodrigo Vera 
600 0 |a James, Henry  |d 1843-1916  |9 857964 
650 7 |a NOVELA INGLESA  |2 CL-VaPUC  |9 309260 
650 0 |a Literatura inglesa  |9 312907 
650 0 |a Historia y crítica   |9 257407 
852 |a BIBCUR 
942 |c BK  |2 ddc 
945 |d 19980828 00:00:00  |a crobeson 
952 |0 0  |1 0  |4 0  |6 823_090000000000000_SWA_1969  |7 0  |8 A  |9 310560  |a BIBEDU  |b BIBEDU  |d 2019-11-20  |i 1459392  |o 823.09 SWA 1969  |p 1459392  |r 2019-11-20  |w 2019-11-20  |y BK  |k LIT